| 000 | 01152nam a2200313 i 4500 | ||
|---|---|---|---|
| 001 | 186308 | ||
| 003 | ES-MaACL | ||
| 005 | 20250825062636.0 | ||
| 008 | 161006s2010 sp ac |||| |dspa d | ||
| 020 | _a978-84-7960-464-6 | ||
| 080 | _a087.5:82 | ||
| 080 | _a821.134.2-14"19" | ||
| 100 | 1 |
_aMachado, Antonio, _d1875-1939 _975151 |
|
| 245 | 1 | 0 |
_aAntonio Machado para niños y niñas_ y otros seres curiosos / _cpoemas de Antonio Machado ; ilustraciones de Tesa González. |
| 250 | _a2ª ed. | ||
| 260 |
_aMadrid : _bEdiciones de la Torre, _c2010. |
||
| 300 |
_a45 p. : _bil. col., retr. ; _c23 x 24 cm. |
||
| 490 | 1 |
_aAlba y mayo color ; _v2 |
|
| 490 | 1 |
_aEdiciones de la Torre ; _v488 |
|
| 650 | 4 |
_aPoesías- _vLibros infantiles. _9142901 |
|
| 655 | 7 |
_aLibros infantiles _2tgfbne _9226786 |
|
| 700 | 1 |
_aGonzález, Tesa, _d1962- _9161069 |
|
| 830 | 1 |
_aAlba y mayo color ; _v2 _9192505 |
|
| 830 | 1 |
_aEdiciones de la Torre ; _v488 _9192503 |
|
| 852 | 4 |
_aES-MaACL _jA-13953 _zEncuadernación de cartoné _9193363 _bR.151238 _cDEPO1 _dOlim: N-6953 |
|
| 942 |
_2udc _cMONOGRAFIA |
||
| 999 |
_c186308 _d186308 |
||